कवि / (Record no. 116544)

MARC details
000 -LEADER
fixed length control field 01014nam a22002537a 4500
005 - DATE AND TIME OF LATEST TRANSACTION
control field 20170124103041.0
010 ## - LIBRARY OF CONGRESS CONTROL NUMBER
LC control number 109538
020 ## - INTERNATIONAL STANDARD BOOK NUMBER
Terms of availability 3.50
035 ## - SYSTEM CONTROL NUMBER
System control number 109538
037 ## - SOURCE OF ACQUISITION
Source of stock number/acquisition Cen Lib/Ret
040 ## - CATALOGING SOURCE
Original cataloging agency DPL
Language of cataloging HN
082 ## - DEWEY DECIMAL CLASSIFICATION NUMBER
Classification number
Item number वन्दोपा
100 ## - MAIN ENTRY--PERSONAL NAME
Personal name वन्दोपयाय, ताराशंकर
9 (RLIN) 45019
245 ## - TITLE STATEMENT
Title कवि /
Statement of responsibility, etc ताराशंकर वन्दोपयाय
246 ## - VARYING FORM OF TITLE
Title proper/short title Kavi /
Remainder of title by Tarashankar Vandopadhyaya
260 ## - PUBLICATION, DISTRIBUTION, ETC. (IMPRINT)
Name of publisher, distributor, etc नयुग प्रकाशन
Place of publication, distribution, etc दिल्ली
Date of publication, distribution, etc 1954
270 ## - ADDRESS
City दिल्ली
Address २८१, चावड़ी बाज़ार
Postal code 110006
300 ## - PHYSICAL DESCRIPTION
Extent 214पृ.
Dimensions 16सेमी(सजिल्द )
650 ## - SUBJECT ADDED ENTRY--TOPICAL TERM
Topical term or geographic name as entry element हिंदी साहित्य
General subdivision
Geographic subdivision
9 (RLIN) 110096
650 ## - SUBJECT ADDED ENTRY--TOPICAL TERM
Topical term or geographic name as entry element हिंदी साहित्य
General subdivision उपन्यास
9 (RLIN) 42619
650 ## - SUBJECT ADDED ENTRY--TOPICAL TERM
Topical term or geographic name as entry element Hindi literature
9 (RLIN) 110097
650 ## - SUBJECT ADDED ENTRY--TOPICAL TERM
Topical term or geographic name as entry element Hindi literature
General subdivision Fiction
9 (RLIN) 110098
942 ## - ADDED ENTRY ELEMENTS (KOHA)
Source of classification or shelving scheme Dewey Decimal Classification
Koha item type Hindi Books
Classification part
Call number suffix वन्दोपा
Holdings
Withdrawn status Lost status Damaged status Not for loan Home library Current library Date acquired Source of acquisition Cost, normal purchase price Total Checkouts Full call number Barcode Date last seen Copy number Cost, replacement price Price effective from Koha item type Public note
Written off       Central Library Central Library 25/08/2015 Cen Lib/Ref 3.50   उ वन्दोपा 109538 25/08/2015 1 3.50 25/08/2015 Hindi Books Written off on approval by DLB (By Circulation); dtd 20.12.2022

© Delhi Public Library
Hit Counter
free hit counter